书目信息 |
| 题名: |
GPS测量原理及应用
|
|
| 作者: | 张勤 , 李家权 编著 | |
| 分册: | ||
| 出版信息: | 北京 科学出版社 2005 |
|
| 页数: | 299页 | |
| 开本: | 26cm | |
| 丛书名: | ||
| 单 册: | ||
| 中图分类: | P228.4 | |
| 科图分类: | ||
| 主题词: | 全球定位系统--高等学校--教材 , 全球定位系统 | |
| 电子资源: | ||
| ISBN: | 7-03-015402-9 | |
| 000 | 01028nam0 2200289 45 | |
| 001 | 020000001108 | |
| 005 | 20070805105647.62 | |
| 010 | @a7-03-015402-9@dCNY29.00 | |
| 100 | @a20050909e20072005em y0chiy0120 ea | |
| 101 | 0 | @achi |
| 102 | @aCN@b110000 | |
| 105 | @aa az 000yy | |
| 106 | @ar | |
| 200 | 1 | @aGPS测量原理及应用@AGPS ce liang yuan li ji ying yong@f张勤,李家权等编著@Fzhang qin, li jia quan deng bian zhu |
| 210 | @a北京@c科学出版社@d2005@h2007重印 | |
| 215 | @a299页@c图@d26cm | |
| 300 | @a21世纪高等院校教材 | |
| 320 | @a有书目:第297-299页 | |
| 330 | @a本书介绍了GPS全球卫星导航定位系统的基础知识及其发展,包括系统的组成、与卫星定位相关的坐标和时间参考系统、卫星轨道、卫星信号、定位原理、GPS信号接收机及全球卫星导航定位系统(GNSS)的近期发展动态。 | |
| 606 | 0 | @a全球定位系统@x高等学校@j教材 |
| 606 | 0 | @a全球定位系统 |
| 610 | 0 | @aGPS |
| 690 | @aP228.4@v4 | |
| 701 | 0 | @a张勤@Azhang qin@4编著 |
| 701 | 0 | @a李家权@Ali jia quan@4编著 |
| 801 | 0 | @aCN@b北京图联@c20070805 |
| 905 | @dP228.4@e173@f4 | |
| GPS测量原理及应用/张勤,李家权等编著.-北京:科学出版社,2005(2007重印) |
| 299页:图;26cm |
| 21世纪高等院校教材 |
| ISBN 7-03-015402-9:CNY29.00 |
| 本书介绍了GPS全球卫星导航定位系统的基础知识及其发展,包括系统的组成、与卫星定位相关的坐标和时间参考系统、卫星轨道、卫星信号、定位原理、GPS信号接收机及全球卫星导航定位系统(GNSS)的近期发展动态。 |
| ● |
| 相关链接 |
|
|
|
|
正题名:GPS测量原理及应用
索取号:P228.4/173
 
预约/预借
| 序号 | 登录号 | 条形码 | 馆藏地/架位号 | 状态 | 备注 |
| 1 | 0851300 | 208513009 | 第二样本阅览室/ [索取号:P228.4/173] | 在馆 | |
| 2 | 0851301 | 208513018 | 第三借阅区/ [索取号:P228.4/173] | 在馆 | |
| 3 | 0851302 | 208513027 | 第三借阅区/ [索取号:P228.4/173] | 在馆 | |
| 4 | 0851303 | 208513036 | 第三借阅区/ [索取号:P228.4/173] | 在馆 |